| 000 | 00665nam a22002055i 4500 | ||
|---|---|---|---|
| 001 | 48576 | ||
| 003 | ES-MaACL | ||
| 005 | 20250604062533.0 | ||
| 007 | t| | ||
| 008 | 950726s1897 fr ||||1| fre d | ||
| 040 |
_aCAM _bspa _cCAM |
||
| 100 | 1 |
_aDesdevises du Dezert, Georges. _943868 |
|
| 245 | 1 | 2 |
_aL'Espagne de l'Ancien Régime / _cG. Desdevises du Dezert. |
| 260 |
_aParis : _bSociété Francaise d'Imprimerie et de Librairie, Librairie Lecène et Cie, _c1897. |
||
| 300 |
_a3 v. ; _c24 cm. |
||
| 651 | 7 |
_aEspaña- _xHistoria- _yS.XIX _2 _9142005 |
|
| 651 | 4 |
_aEspaña- _xHistoria- _yS.XVIII. _98359 |
|
| 852 |
_aES-MaACL _jC-2381-3 |
||
| 999 |
_c48576 _d48576 |
||